000 nam a22 a 4500
999 _c1622
_d1622
003 AKMAL
005 20170511103809.0
008 170511s1992 my a00 may d
020 _a9836216065 (kkt.):
_cRgt. 30.00
040 _aAKMAL
082 0 4 _a327 HOL
090 _a327
_bHOL
100 1 _aHolsti, K. J.
_q(Kalevi Jacque),
_d1935-
_93298
245 1 0 _aPolitik antarabangsa :
_bsuatu rangka kerja analisis /
_cK. J. Holsti ; Haji Hassan Ahmad
260 _aKuala Lumpur :
_bDewan Bahasa dan Pustaka,
_c1992
300 _axiii, 573ms. ;
_c24cm
500 _aTerjemahan dari : International politics, a framework for analysis
504 _aBibliografi : ms.555-573
521 _aPeringkat pembaca : Dewasa
599 _aDALAM PROSES
650 _aInternational relations
_9282
700 0 _aHassan Ahmad,
_cDatuk,
_d1936-2011
_93299
942 _2ddc
_cBOOK